Tarikh-E-Deoband (Record no. 5083)

MARC details
000 -LEADER
fixed length control field 00674nam a2200253 a 4500
020 ## - INTERNATIONAL STANDARD BOOK NUMBER
ISBN
082 00 - DEWEY DECIMAL CLASSIFICATION NUMBER
Classification number 297.7
Author Cutter RIZ
100 ## - MAIN ENTRY--AUTHOR NAME
Author name Rizvi, Syed Mahboob
245 ## - TITLE STATEMENT
Title Tarikh-E-Deoband
260 ## - PUBLICATION, DISTRIBUTION, ETC. (IMPRINT)
Place of publication Deoband
Name of publisher Tarikh Deoband
Year of publication 1952
300 ## - PHYSICAL DESCRIPTION
Number of Pages 178p
500 ## - GENERAL NOTE
General note includes index and biblioraphy
505 2# - FORMATTED CONTENTS NOTE
Formatted contents note also contains nishan-e-asmani, asmani faisla siraj-e-munir and risala tuhfa-e-baghdad.
650 ## - SUBJECT ADDED ENTRY--TOPICAL TERM
Topical Term Islamic-Education
650 ## - SUBJECT ADDED ENTRY--TOPICAL TERM
Topical Term Deoband
942 ## - ADDED ENTRY ELEMENTS (KOHA)
Koha item type Books
700 1# -
-- Rizvi, Syed Mahboob
Holdings
Collection code Home library Current library Date acquired Cost, normal purchase price Full call number Accession Number Koha item type
  Henry Martyn Institute Library Henry Martyn Institute Library 07/12/2007 100.00 297.7 RIZ 06472 Books
                   Copyright © 2026 | Henry Martyn Institute | Hyderabad | TS-500052 | INDIA | Implemented by hmi.edu.in
Hit-Count:

Powered by Koha